| 000 | 01016nam a2200229 a 4500 | ||
|---|---|---|---|
| 005 | 20140310183357.0 | ||
| 008 | 121120s19uu xx 00 eng d | ||
| 020 | _a9780446572712 | ||
| 050 |
_aTT 507 _b.B694 2010 |
||
| 100 | _aBryant, Janie | ||
| 245 |
_aThe fashion file : _badvice, tips, and inspiration from the costume designer of Mad men / _cJanie Bryant with Monica Corcoran Harel ; foreword by January Jones, illustrations by Robert Best. |
||
| 250 | _a1st ed. | ||
| 260 |
_aNew York, NY : _bGrand Central Life & Style, _c2010. |
||
| 300 |
_axv, 175 p. : _bcol. ill. ; _c24 cm. |
||
| 520 | _aOffers readers a peek into the dressing room of the hit television show "Mad Men," revealing the design process behind the characters' looks and showing every woman how to find her own leading lady style. | ||
| 650 | _aClothing and dress | ||
| 650 |
_aCostume design _xUnited States |
||
| 650 | _aMad men (Television program) | ||
| 700 | _aHarel, Monica Corcoran | ||
| 942 |
_cBK _2lcc _kFOR |
||
| 999 |
_c22250 _d22250 |
||